000 01094nam a2200229 i 4500
001 154589
003 ES-MaACL
005 20240528153940.0
008 021205s1873 sp |||| | spa d
040 _aCAM
_bspa
_cCAM
100 1 _aGonzález Moro, Andrés.
_9127420
245 1 0 _aNueva gramática castellana o Método racional teórico-práctico de la lengua castellana
_b: dividida en secciones para la mayor facilidad de su enseñanza en las escuelas /
_cpor Andrés González Moro.
246 3 0 _aMétodo racional teórico-práctico de la lengua castellana
260 _aAvilés :
_b[s.n.],
_c1873 (
_fImp. Lib. de A.M. Pruneda)
300 _a126 p. ;
_c15 cm.
650 4 _aLengua española-
_xGramática.
_914161
650 4 _aLengua española-
_vMétodos.
_9142902
852 _aES-MaACL
_jFOLL-Laf-587
_9160257
_cDEPOF
_gSello en tinta en portada: "Ateneo de Madrid. Legado M. de la Fuente"
_gSello en tinta en portada: "Ateneo de Madrid. Biblioteca"
_hLegado: M. de la Fuente
903 _969535
_aLafuente, Modesto,
_q1
_d1806-1866
_ednr
942 _2udc
999 _c154589
_d154589